| 000 | 00000nam##2200000za#4500 |
| 001 | 9.531375 |
| 003 | CaOODSP |
| 005 | 20220328113237 |
| 007 | ta |
| 008 | 150406|1998||||xxc||||| f|0| 0 fre|d |
| 020 | |a0-662-63955-3 |
| 040 | |aCaOODSP|bfre |
| 041 | |aeng |
| 041 | |afre |
| 043 | |an-cn--- |
| 086 | 1 |aC21-27/3-1998-1 |
| 110 | 1 |aCanada. |bIndustrie Canada. |
| 245 | 10|aInstitutions et croissance: les politiques-cadres en tant qu'instrument de compétitivité pour le Canada / |cpar Ronald Daniels. |
| 260 | |aOttawa - Ontario : |bIndustrie Canada |c1998. |
| 300 | |aTexte français, 50p. : |bréférences ; |c23 cm. |
| 490 | 1 |aLe Canada au XXIe siècle. III. Relever le défi|vNo. 11 |
| 546 | |aBilingue |
| 563 | |aCouverture souple |
| 590 | |a99-43|b1999-10-29 |
| 691 | 07|aPolitique gouvernementale|2gcpds |
| 691 | 07|aCompétitivité|2gcpds |
| 691 | 07|aConditions économiques|2gcpds |
| 720 | 1 |aDaniels, Ronald |
| 776 | 0#|tInstitutions and growth : |w(CaOODSP)9.571955 |
| 776 | 0#|tInstitutions et croissance : |w(CaOODSP)9.602375 |
| 791 | |tInstitutions and growth: framework policy as a tool of competitive advantage for Canada / |eeng|w(CaOODSP)9.531374 |
| 830 | #0|aLe Canada au XXIe siècle. III. Relever le défi ;|vNo. 11|w(CaOODSP)9.509067 |